000 00755naa a2200217 i 4500
001 3561
003 ES-MaBCM
005 20241016090754.0
008 880211s1987 gbr 000 0 eng d
021 _axx
035 _a(OCoLC)1365159298
040 _cES-MaBCM
041 0 _aeng
043 _agbr
100 1 _aOtway, Harry
_934811
245 1 0 _aCriterio for technological choice
_cHarry Otway
520 _a¿Qué factores determinan si una actividad peligrosa es "aceptable"?. No es una custión sencilla responder a esta cuestión. Se proponen una serie de criterios
650 7 _aActividades molestas, insalubres, nocivas y peligrosas
_957430
773 0 _aEn:
_tPublic administration
_dLondon : 1987
_gnº 2 ; p. 131-144
_w104498
942 _cAREV
999 _c3561
_d3561